000 00286nam a22001337a 4500
008 170914b xxu||||| |||| 00| 0 eng d
020 _a9781402769771
041 _aeng
080 _a7
100 _a44
101 _aART
245 _aRENAISSANCE GENIUS
_cGALILEI, G
942 _2udc
_cBK
999 _c27510
_d27510